000 00491nam a2200169Ia 4500
003 IN-BaIIA
008 211028s9999 xx 000 0 eng d
040 _cIIA Library
080 _a624
_bKAN
100 _aKanetkar, T. P
_910556
245 0 _aSurveying and levelling
_bpt. 2
_cT. P Kanetkar
260 _aPune
_bPune Vidyarthi Griha
_c1977
300 _axvi, 692p.
650 _aCivil engineering
_95496
650 _aNASA thesaurus
942 _cBK
999 _c6095
_d6095